نظام التخطيط : (Record no. 14294)
[ view plain ]
| 000 -الفاتح | |
|---|---|
| حقل البيانات ثابتة الطول | 01105nam a22002297a 4500 |
| 008 - عناصر البيانات ثابتة الطول - معلومات عامة | |
| حقل البيانات ثابتة الطول | 100629s1995 xxu||||| |||| 00| 0 ara d |
| 020 ## - الرقم الدولى المعيارى للكتب | |
| الرقم الدولى المعيارى للكتاب | 9960201422 |
| 082 ## - رقم تصنيف ديوى العشرى | |
| رقم الطبعة | 22 |
| رقم التصنيف | 352.0531 |
| رقم المادة | س ل و |
| 100 1# - المدخل الرئيسى - إسم شخصى | |
| 9 (RLIN) | 15463 |
| الإسم الشخصى | السلوم ، يوسف بن إبراهيم |
| 245 ## - بيان العنوان | |
| العنوان | نظام التخطيط : |
| بقية العنوان | في المملكة العربية السعودية / |
| بيان المسئوليه,etc | يوسف بن إبراهيم السلوم |
| 246 ## - العنوان الموازى | |
| عنوان صحيح/عنوان مختصر | Planning system in the kingdom of Saudi Arabia |
| 250 ## - بيان الطبعة | |
| بيان الطبعة | ط3. |
| 260 ## - PUBLICATION, DISTRIBUTION, ETC. (IMPRINT) | |
| مكان الناشر او الموزع | الرياض : |
| اسم الناشر او الموزع | مكتبة العبيكان ، |
| تاريخ النشر أو التوزيع | 1995. |
| 300 ## - الوصف المادى | |
| التعداد | 417، 21 ص : |
| أبعاد الوعاء | 24 سم. |
| 500 ## - تبصرة عامة | |
| تبصرة عامة | يشتمل على ملاحق |
| 500 ## - تبصرة عامة | |
| تبصرة عامة | يشتمل على قائمة محتويات ومقدمة باللغة الانجليزية |
| 541 ## - تبصرة المصدر المباشر للتزويد | |
| مصدر التزويد | ألف باء ؛ |
| طريقة التزويد | شراء ؛ |
| 650 ## - المدخل الاضافى بالموضوع-مصطلح موضوعى | |
| 9 (RLIN) | 15464 |
| مصطلح موضوعي أو اسم جغرافي كعنصر مدخل | السعودية |
| التقسيم الفرعي العام | الميزانية|تخطيط |
| 650 ## - المدخل الاضافى بالموضوع-مصطلح موضوعى | |
| 9 (RLIN) | 15466 |
| مصطلح موضوعي أو اسم جغرافي كعنصر مدخل | السعودية |
| التقسيم الفرعي العام | التخطيط |
| 942 ## - عناصر المدخل الإضافي( كوها) | |
| مصدر التصنيف او مخطط الترفيف | Dewey Decimal Classification |
| Koha [default] item type | Book - Borrowing |
| حالة التراجع | حالة الفقد | مصدر التصنيف او خطة الترفيف | حالة تلف | ليس للاعارة | مجموعات كوها | المكان الدائم | المكان الحالي | موقع الترفيف | تاريخ الاكتساب | Source of acquisition | رقم الاستدعاء | الباركود | Date last seen | نوع الوعاء |
|---|---|---|---|---|---|---|---|---|---|---|---|---|---|---|
| Dewey Decimal Classification | Alef-Baa | Central Library | Central Library | First floor | 29/06/2010 | 352.0531 الس | 000021116 | 15/07/2025 | Book - Borrowing |